000 00287nam a22001337a 4500
008 170929b xxu||||| |||| 00| 0 eng d
020 _a9781457690570
041 _aeng
080 _26TH
_a37
100 _a47
101 _aEDU
245 _aSTEP BY STEP
_cGARDNER,J.N
942 _2udc
_cBK
999 _c30693
_d30693